000
00391nam a2200133Ia 4500
008
151001s9999||||xx |||||||||||||| ||und||
100
_a
अनुपम कुमार
245
_a
बारिश मेरा घर है
250
_a
1
260
_b
साहित्य अकादमी नई दिल्ली
260
_c
२०१२
300
_a
154
365
_b
21
999
_c
1002447
_d
1002444